Gran establecimiento de los baños termales de Busot (provincia de Alicante) (Record no. 184326)

MARC details
000 -LEADER
campo de control de longitud fija 00633nam a2200145 i 4500
001 - NÚMERO DE CONTROL
campo de control 184326
003 - IDENTIFICADOR DE NÚMERO DE CONTROL
campo de control ES-MaACL
005 - FECHA Y HORA DE LA ÚLTIMA TRANSACCIÓN
campo de control 20230906222150.0
008 - DATOS DE LONGITUD FIJA--INFORMACIÓN GENERAL
campo de control de longitud fija 150622s1897 sp |||| | spa d
245 00 - MENCIÓN DEL TÍTULO
Título Gran establecimiento de los baños termales de Busot (provincia de Alicante)
Resto del título : propietario el Excmo. Sr. Marqués del Bosch, director facultativo el dr. D. Juan Cabrió y Grifol.
260 ## - PUBLICACIÓN, DISTRIBUCIÓN, ETC.
Lugar de publicación, distribución, etc. Alicante :
Nombre del editor, distribuidor, etc. [s.n.],
Fecha de publicación, distribución, etc. 1897 (
Fabricante Imp. de Juan José Carratalá)
300 ## - DESCRIPCIÓN FÍSICA
Extensión 26 p. :
Otras características físicas il. ;
Dimensiones 21 cm.
650 #4 - PUNTO DE ACCESO ADICIONAL DE MATERIA--TÉRMINO DE MATERIA
Término de materia o nombre geográfico como elemento de entrada Balnearios-
Subdivisión geográfica Busot.
9 (RLIN) 152410
852 ## - LOCALIZACIÓN
Ubicación ES-MaACL
Número de control de estantería T-855-F-5
Nota libre .- Enc. en un vol. facticio conservando la enc. original
Holdings
Estatus retirado Estado de pérdida Estado de daño No para préstamo Colección Biblioteca de origen Biblioteca actual Ubicación en estantería Fecha de adquisición Fuente de adquisición Total de préstamos Signatura topográfica completa Código de barras Visto por última vez Precio de reemplazo Tipo de ítem Koha
        Colección de folletos Biblioteca del Ateneo de Madrid Biblioteca del Ateneo de Madrid Depósito folletos 22/06/2015     T-855-F-5 1193926 23/02/2023 23/02/2023 Folleto